Gemeinden Landkreis Ostallgäu - Statistiken

Allgemein
  • Dieses Quiz wurde 47 mal gespielt
  • Das Durchschnittsergebnis liegt bei 17 aus 45
Antwortstatistiken
Einwohner Gemeindeart Gemeindename % Korrekt
15.508 Stadtgemeinde Füssen
94%
18.725 Stadtgemeinde Marktoberdorf
80%
8.348 Gemeinde Pfronten
63%
3.753 Marktgemeinde Nesselwang
60%
3.331 Gemeinde Schwangau
60%
2.997 Gemeinde Seeg
57%
13.273 Stadtgemeinde Buchloe
54%
3.520 Gemeinde Halblech
51%
2.342 Marktgemeinde Waal
51%
2.718 Gemeinde Lechbruck am See
49%
2.234 Gemeinde Roßhaupten
46%
4.117 Gemeinde Biessenhofen
43%
1.890 Gemeinde Stötten am Auerberg
43%
1.532 Marktgemeinde Irsee
40%
1.490 Gemeinde Lengenwang
40%
6.357 Marktgemeinde Obergünzburg
40%
2.321 Gemeinde Pforzen
40%
2.035 Gemeinde Aitrang
37%
3.872 Gemeinde Germaringen
37%
1.205 Gemeinde Hopferau
37%
2.891 Marktgemeinde Unterthingau
37%
1.580 Gemeinde Friesenried
34%
1.316 Gemeinde Görisried
34%
1.446 Gemeinde Günzach
34%
2.491 Gemeinde Jengen
34%
1.734 Marktgemeinde Ronsberg
34%
878 Gemeinde Rückholz
34%
1.763 Gemeinde Ruderatshofen
34%
1.479 Gemeinde Oberostendorf
31%
1.786 Gemeinde Bidingen
29%
2.035 Gemeinde Lamerdingen
29%
1.156 Gemeinde Wald
29%
1.300 Gemeinde Baisweil
26%
1.357 Gemeinde Eggenthal
26%
1.180 Gemeinde Eisenberg
26%
846 Gemeinde Kraftisried
26%
3.173 Gemeinde Mauerstetten
26%
886 Gemeinde Rettenbach am Auerberg
26%
1.584 Gemeinde Untrasried
26%
1.826 Gemeinde Westendorf
26%
1.694 Marktgemeinde Kaltental
23%
1.873 Gemeinde Stöttwang
23%
714 Gemeinde Osterzell
20%
1.324 Gemeinde Rieden am Forggensee
17%
1.302 Gemeinde Rieden bei Kaufbeuren
6%
Keine übereinstimmenden Quizze gefunden
Verteilung der Resultate
Anzahl Personen mit jedem Resultat
Perzentil nach korrekt beantworteten Fragen
Ihre Resultats-Entwicklung
Sie haben dieses Quiz noch nicht gespielt